| 000 | 00344nam a22001457a 4500 | ||
|---|---|---|---|
| 003 | SGT | ||
| 082 |
_a617.632 _bC21M |
||
| 100 | _aMonika | ||
| 245 | _aComparative Clinical evaluation of ...... | ||
| 260 |
_aGurugram, Haryana _bSGT University _c2021 |
||
| 300 | _a150 | ||
| 650 | _aPeriodontology | ||
| 653 | _aPeriodontology | ||
| 942 |
_2ddc _cTH |
||
| 999 |
_c23577 _d23577 |
||